Trading in genes: development perspectives on biotechnology, trade and sustainability (Record no. 81389)

MARC details
000 -LEADER
fixed length control field 00985nam a2200193 a 4500
008 - FIXED-LENGTH DATA ELEMENTS--GENERAL INFORMATION
fixed length control field 090320s2005 ||||||||||||||||| || u
020 ## - INTERNATIONAL STANDARD BOOK NUMBER
International Standard Book Number 184407028X
050 ## - LIBRARY OF CONGRESS CALL NUMBER
Classification number TP 248.195.D48 Mel
100 ## - MAIN ENTRY--PERSONAL NAME
Personal name Meléndez-Ortiz, Ricardo
245 10 - TITLE STATEMENT
Title Trading in genes: development perspectives on biotechnology, trade and sustainability
Statement of responsibility, etc. edited by Ricardo Meléndez-Ortiz and Vicente Sánchez
260 ## - PUBLICATION, DISTRIBUTION, ETC.
Place of publication, distribution, etc. London
Name of publisher, distributor, etc. Earthscan
Date of publication, distribution, etc. 2005
300 ## - PHYSICAL DESCRIPTION
Extent xxv, 294p, Bibliography
350 ## -
-- 0.00
650 ## - SUBJECT ADDED ENTRY--TOPICAL TERM
Topical term or geographic name entry element BIOTECHNOLOGY--DEVELOPING COUNTRIES
650 ## - SUBJECT ADDED ENTRY--TOPICAL TERM
Topical term or geographic name entry element BIOTECHNOLOGY--INDUSTRIES--DEVELOPING COUNTRIES
700 ## - ADDED ENTRY--PERSONAL NAME
Personal name Sanchez, Vicente
995 ## -
-- MAIN LIBRARY OPEN ACCESS
-- 0.00
-- 739815
-- CBU-MAIN LIBRARY (Kitwe)
-- 1
-- 0.00
-- TP 248.195.D48 MEL
-- 1
-- AVAILABLE
-- Apr 24, 2009
-- 739815
-- Main Library Open Access Collection
995 ## -
-- MAIN LIBRARY OPEN ACCESS
-- 0.00
-- 739837
-- CBU-MAIN LIBRARY (Kitwe)
-- 1
-- 0.00
-- TP 248.195.D48 MEL
-- 2
-- AVAILABLE
-- Apr 27, 2009
-- 739837
-- Main Library Open Access Collection
999 ## -
-- 81389
-- 81389
Holdings
Withdrawn status Lost status Source of classification or shelving scheme Damaged status Not for loan Permanent Location Current Location Shelving location Date acquired Total Checkouts Full call number Barcode Date last seen Copy number Price effective from Koha item type
          CBU-MAIN LIBRARY, KITWE. CBU-MAIN LIBRARY, KITWE.   08/18/2023   TP 248.195.D48 Mel 739815 08/18/2023 1 08/18/2023 MONOGRAPH
          CBU-MAIN LIBRARY, KITWE. CBU-MAIN LIBRARY, KITWE.   08/18/2023   TP 248.195.D48 Mel 739837 08/18/2023 2 08/18/2023 MONOGRAPH